02296nam a2200445 a 4500001001200000003000800012006001900020007001500039008004100054010001700095020003800112020001500150020001800165020002700183040002100210035002100231041001300252043001200265050002600277100002400303245009200327260005400419300001700473490007800490500006900568504006600637505037700703533015201080546007301232650008201305650005701387650007001444651006401514651004601578655002901624710001701653830003701670856012601707999001701833ebr10600508CaPaEBRm u cr cn|||||||||091027s2010 sz sbm 001 0deng d z 2009044813 z9783039113705 (pbk. : alk. paper) z3039113704 z9783039113705 z9783035300116 (e-book) aCaPaEBRcCaPaEBR a(OCoLC)8129152810 aengarus ae-ru---14aPG3505.L4bL94 2010eb1 aLygo, Emily,d1977-10aLeningrad poetry 1953-1975h[electronic resource] :bthe Thaw generation /cEmily Lygo. aBern, Switzerland ;aNew York :bP. Lang,cc2010. aviii, 362 p.1 aRussian transformations: literature, thought, culture,x1662-2454 ;vv. 2 aBased on author's Ph.D. thesis, from University of Oxford, 2005. aIncludes bibliographical references (p. [335]-351) and index.0 aThe post-Stalin Thaw 1953-1964 -- After the Thaw, 1965-1975 -- Officially published poetry and Aleksandr Kushner -- Viktor Sosnora -- Dmitry Bobyshev -- Iosif Brodsky -- Principal LITOs and literary groups in Leningrad 1953-1975 -- Unofficial groups of poets in Leningrad 1953-1975 -- Statistics concerning the admission of poets to the Leningrad writers' union 1953-1975. aElectronic reproduction.bPalo Alto, Calif. :cebrary,d2011.nAvailable via World Wide Web.nAccess may be limited to ebrary affiliated libraries. aCritial material in English; poetry in parallel English and Russian. 0aRussian poetryzRussia (Federation)zSaint PetersburgxHistory and criticism. 0aRussian poetryy20th centuryxHistory and criticism. 0aPoets, RussianzRussia (Federation)zSaint PetersburgvBiography. 0aSaint Petersburg (Russia)xIntellectual lifey20th century. 0aSaint Petersburg (Russia)xIn literature. 7aElectronic books.2local2 aebrary, Inc. 0aRussian transformations ;vv. 2.40uhttp://site.ebrary.com/lib/rucke/Doc?id=10600508zAn electronic book accessible through the World Wide Web; click to view c98738d98738